Language Quiz

Random Language or State Quiz

State by Abbreviation Definition Quiz Stats

 Plays Quiz Updated Aug 20, 2012

Challenge
Share
Tweet
Embed
Score 0/16 Timer 04:00
4 Plays Today
Definition State % Correct
fatherPennsylvania
86.8%
interjection used as a greetingHawaii
85.3%
pronoun referring to myselfMaine
84%
motherMassachusetts
81.6%
phonetic spelling of eighteenth letterArkansas
76.1%
sixth tone of diatonic musical scaleLouisiana
75.2%
function word indicating an alternativeOregon
67%
an exclamation of understandingOhio
66.5%
Definition State % Correct
third tone of diatonic musical scaleMichigan
63.8%
part of psyche related to instinctual impulsesIdaho
62.4%
born with the name ofNebraska
42%
indicates inclusion, location, or positionIndiana
38.7%
of, fromDelaware
35.7%
momentMissouri
15.7%
East Indian treeAlabama
5.3%
musical tone in French solmization systemUtah
4.3%

You're not logged in!

Compare scores with friends on all Sporcle quizzes.
Join for Free
OR
Log In

You Might Also Like...

Show Comments

Extras

Top Quizzes Today


Score Distribution

Your Account Isn't Verified!

In order to create a playlist on Sporcle, you need to verify the email address you used during registration. Go to your Sporcle Settings to finish the process.

Report this User

Report this user for behavior that violates our Community Guidelines.

Details: